Účtovanie v súvislosti s uskutočňovaním výskumu a vývoja podnikov v Slovenskej republike

Cieľom príspevku je vymedzenie účtovania v súvislosti s uskutočňovaním vedy a výskumu podnikov v Slovenskej republike so zameraním na sústavu podvojného účtovníctva. Viaceré krajiny v posledných rokoch pristúpili k daňovým zvýhodneniam podnikateľov, ktorí uskutočňujú činnosti vedy a výskumu do vlast...

Description complète

Enregistré dans:
Détails bibliographiques
Auteur principal: Jančičková, Lea, 1996-
Autres auteurs: Pakšiová, Renáta, 1974-
Format: Chapitre de livre
Langue:anglais
Sujets:
Tags: Ajouter un tag
Pas de tags, Soyez le premier à ajouter un tag!

MARC

LEADER 00000naa$a2200000$$$4500
001 0270256
005 20240502083811.8
041 0 |a eng 
044 |a CZ 
245 1 0 |a Účtovanie v súvislosti s uskutočňovaním výskumu a vývoja podnikov v Slovenskej republike  |c Lea Jančičková, Renáta Pakšiová 
520 |a Cieľom príspevku je vymedzenie účtovania v súvislosti s uskutočňovaním vedy a výskumu podnikov v Slovenskej republike so zameraním na sústavu podvojného účtovníctva. Viaceré krajiny v posledných rokoch pristúpili k daňovým zvýhodneniam podnikateľov, ktorí uskutočňujú činnosti vedy a výskumu do vlastných nákladov. Tento typ daňového zvýhodnenia má motivovať daňovníkov na vynakladanie väčšieho množstva finančných prostriedkov na účely výskumu a vývoja, tvoriť pracovné miesta pre odborníkov zvýšiť vlastnú konkurencieschopnosť a prispieť k rozvoju vedomostnej ekonomiky. 
610 2 0 |a účtovníctvo 
610 2 0 |a výskum 
610 2 0 |a podnik 
610 2 0 |a konkurencia 
610 2 0 |a náklady 
100 1 |a Jančičková, Lea, 1996- 
700 1 |a Pakšiová, Renáta, 1974-